000
00213 a2200097 4500
001
8291
100
_a
Montgomery, V
245
_a
El Alamein to the river sangro
260
_a
_b
Hutchinson
_c
090
_c
6670
_d
6670
942
_a
NUST-CAE
_c
M
_c
33234
999
_c
243364
_d
243364